Gaming Quiz

Random Gaming or Star Wars Quiz
Score 0/7 Timer 02:00
0 Plays Today
Character Description Character % Correct
Blind LeaderJerec
85.9%
Apprentice Who Respects KyleYun
69.4%
Legs are Dismembered by Rahm in the Opening Credits - Now he uses the Force to HoverMaw
65.9%
Tiny Brother of the SithPic
63.5%
Crazy Bib Fortuna LookalikeBoc
61.2%
Massive Brother of the SithGorc
58.8%
2nd in Command and the Only WomanSariss
55.3%
Remove Ads.
Support Sporcle.
Get the best of Sporcle when you Go Orange. This ad-free experience offers more features, more stats, and more fun while also helping to support Sporcle. Thank you for becoming a member.

You're not logged in!

Compare scores with friends on all Sporcle quizzes.
OR
Log In

Show Comments

Extras

Created Oct 21, 2010ReportNominate
Tags:Star Wars Quiz, Jedi

Top Quizzes Today


Score Distribution

Your Account Isn't Verified!

In order to create a playlist on Sporcle, you need to verify the email address you used during registration. Go to your Sporcle Settings to finish the process.

Report this User

Report this user for behavior that violates our Community Guidelines.

Details: